Philosophy of natural science

Salvato in:
Dettagli Bibliografici
Autore principale: Hempel, Carl G.
Natura: Libro
Lingua:Undetermined
Pubblicazione: Londres, Inglaterra Prentice Hall 1966
Soggetti:
Tags: Aggiungi Tag
Nessun Tag, puoi essere il primo ad aggiungerne!!

MARC

LEADER 00000nam a2200000Ia 4500
008 170316s9999 xx 000 0 und d
040 |a cru BVZT 
090 |a 100 H-18p 
100 |a Hempel, Carl G.  |9 1818 
245 |a Philosophy of natural science 
260 |a Londres, Inglaterra 
260 |b Prentice Hall 
260 |c 1966 
300 |a 116 páginas 
650 |a FILOSOFÍA  |9 5 
650 |a EPISTEMOLOGÍA  |9 813 
999 |c 16455  |d 16455 
942 |c 15 D  |h 100 H-18p  |2 z